[Event "CAN-op (Pinnacle 48th CAN Op Ch)"]
[Site "Toronto CAN"]
[Date "2011.07.15"]
[Round "7"]
[White "Preotu, Razvan"]
[Black "Sohal, Tanraj"]
[Result "1/2-1/2"]
[WhiteElo "1974"]
[BlackElo "2032"]
[WhiteFideId "-1"]
[WhiteFideId "-1"]
[PlyCount "161"]
[GameId "2160767909707418"]
[EventDate "2011.07.09"]
[EventType "swiss"]
[EventRounds "9"]
[EventCountry "CAN"]
[SourceTitle "CBM 143 Extra"]
[Source "ChessBase"]
[SourceDate "2011.08.29"]
[SourceVersion "1"]
[SourceVersionDate "2011.08.29"]
[SourceQuality "1"]

1. e4 c5 2. Nf3 Nc6 3. d4 cxd4 4. Nxd4 Nf6 5. Nc3 e6 6. Ndb5 d6 7. Bf4 e5 8. Bg5 a6 9. Na3 b5 10. Nd5 Be7 11. Bxf6 Bxf6 12. c4 b4 13. Nc2 Rb8 14. b3 O-O 15. g3 Be6 16. Bg2 Bxd5 17. Qxd5 Qb6 18. O-O Nd4 19. Nxd4 exd4 20. Qh5 g6 21. Qf3 Bg7 22. Qd3 Rfe8 23. f4 Qc5 24. Kh1 Re7 25. g4 g5 26. f5 Be5 27. f6 Re6 28. Rf5 Rxf6 29. Rxg5+ Rg6 30. Qd2 Rxg5 31. Qxg5+ Bg7 32. Qd2 Qc8 33. h3 Qd8 34. Rf1 Qe7 35. Rf5 Be5 36. Qh6 f6 37. Bf1 Kh8 38. Bd3 Rg8 39. Qd2 a5 40. Bc2 Qf7 41. Bd3 Qb7 42. Qe2 Rg6 43. Qf3 Qg7 44. Rh5 Rg5 45. Be2 Rxh5 46. gxh5 Qg5 47. Qg4 Qe3 48. h6 Qxh6 49. Qc8+ Kg7 50. Qd7+ Kg8 51. Qe8+ Qf8 52. Qxf8+ Kxf8 53. Kg2 Kg7 54. Bg4 d3 55. Kf3 Bd4 56. Kg3 Be3 57. Kf3 Bh6 58. Bf5 Bc1 59. e5 d2 60. exf6+ Kxf6 61. Bc2 Ke5 62. Ke2 h6 63. Kd3 Kf4 64. Kd4 Kf3 65. Bd1+ Kf2 66. Kd3 Kg3 67. Bg4 d1=Q+ 68. Bxd1 Kxh3 69. Ke4 Kg3 70. Kd5 Bf4 71. Kc6 Kh4 72. Kb5 Be3 73. Kxa5 Bc5 74. Kb5 Kg5 75. Kc6 Kf4 76. Kd5 Ke3 77. Bh5 Kd2 78. Ke4 Kc3 79. Bg4 Kb2 80. Kd3 Kxa2 81. Kc2 1/2-1/2

[Event "CAN-op (Pinnacle 48th CAN Op Ch)"]
[Site "Toronto CAN"]
[Date "2011.07.16"]
[Round "8"]
[White "Itkin, David"]
[Black "Preotu, Razvan"]
[Result "1/2-1/2"]
[WhiteElo "2025"]
[BlackElo "1974"]
[WhiteFideId "-1"]
[WhiteFideId "-1"]
[PlyCount "101"]
[GameId "2160767909707468"]
[EventDate "2011.07.09"]
[EventType "swiss"]
[EventRounds "9"]
[EventCountry "CAN"]
[SourceTitle "CBM 143 Extra"]
[Source "ChessBase"]
[SourceDate "2011.08.29"]
[SourceVersion "1"]
[SourceVersionDate "2011.08.29"]
[SourceQuality "1"]

1. e4 c5 2. Nf3 Nc6 3. Nc3 Nf6 4. Bb5 a6 5. Bxc6 dxc6 6. h3 g6 7. d3 Bg7 8. O-O O-O 9. Be3 Nd7 10. Qd2 b5 11. Rad1 Qa5 12. e5 Nxe5 13. Nxe5 Bxe5 14. Bxc5 Qc7 15. Rfe1 Bh2+ 16. Kh1 Bd6 17. Bxd6 exd6 18. Qg5 d5 19. Re7 Qd6 20. Rde1 Bd7 21. Qh4 Rae8 22. Rxe8 Rxe8 23. Rxe8+ Bxe8 24. Qd4 Qe7 25. Qb6 Qe1+ 26. Kh2 Qe5+ 27. Kg1 Bd7 28. Kf1 Qg5 29. Ke2 Qe7+ 30. Kd1 h5 31. Qxa6 Qc5 32. Qb7 Be6 33. Qb8+ Kh7 34. Qf4 Qb6 35. g4 hxg4 36. hxg4 b4 37. Ne2 c5 38. g5 c4 39. dxc4 dxc4 40. Ng3 b3 41. axb3 cxb3 42. Ne4 Qb5 43. Nc3 bxc2+ 44. Kc1 Qf1+ 45. Kxc2 Bf5+ 46. Kb3 Qd3 47. Qh2+ Kg8 48. Qb8+ Kh7 49. Qh2+ Kg8 50. Qb8+ Kg7 51. Qe5+ 1/2-1/2

[Event "CAN-op (Pinnacle 48th CAN Op Ch)"]
[Site "Toronto CAN"]
[Date "2011.07.17"]
[Round "9"]
[White "Moffat, Andrei"]
[Black "Preotu, Razvan"]
[Result "0-1"]
[WhiteElo "2120"]
[BlackElo "1974"]
[WhiteFideId "-1"]
[WhiteFideId "-1"]
[PlyCount "68"]
[GameId "2160767909707543"]
[EventDate "2011.07.09"]
[EventType "swiss"]
[EventRounds "9"]
[EventCountry "CAN"]
[SourceTitle "CBM 143 Extra"]
[Source "ChessBase"]
[SourceDate "2011.08.29"]
[SourceVersion "1"]
[SourceVersionDate "2011.08.29"]
[SourceQuality "1"]

1. b4 e5 2. Bb2 f6 3. e4 Bxb4 4. Bc4 Ne7 5. Qh5+ Ng6 6. Ne2 Qe7 7. O-O c6 8. d3 d6 9. f4 Kd8 10. c3 Ba5 11. Nd2 Nd7 12. Kh1 Kc7 13. a4 Bb6 14. d4 a5 15. fxe5 dxe5 16. Ba3 Qe8 17. Rab1 Ba7 18. Bd3 Nb6 19. Rxb6 Bxb6 20. Nc4 Ba7 21. Nd6 Qe6 22. Nf5 Qf7 23. dxe5 Nxe5 24. Qxf7+ Nxf7 25. Nxg7 Ne5 26. Bb1 Rg8 27. Rxf6 Nc4 28. Rf7+ Kb6 29. Bc1 Bg4 30. Bd3 Raf8 31. Rxf8 Rxf8 32. Nf5 Ne5 33. Be3+ c5 34. Bh6 Nxd3 0-1

[Event "CYCC U12"]
[Site "Richmond Hill CAN"]
[Date "2011.07.06"]
[Round "2"]
[White "Preotu, Razvan"]
[Black "Li, Yinshi"]
[Result "1-0"]
[WhiteElo "2030"]
[BlackElo "1594"]
[WhiteFideId "-1"]
[WhiteFideId "-1"]
[PlyCount "53"]
[GameId "2160767909703913"]
[EventDate "2011.07.06"]
[EventType "swiss"]
[EventRounds "7"]
[EventCountry "CAN"]
[SourceTitle "EXT 2022"]
[Source "ChessBase"]
[SourceDate "2021.10.06"]
[SourceVersion "1"]
[SourceVersionDate "2021.10.06"]
[SourceQuality "1"]

1. e4 c6 2. d4 d5 3. Nc3 dxe4 4. Nxe4 Bf5 5. Ng3 Bg6 6. Nf3 e6 7. h4 h6 8. h5 Bh7 9. Bd3 Bxd3 10. Qxd3 Nf6 11. Bd2 Nbd7 12. O-O-O Bd6 13. Ne4 Nxe4 14. Qxe4 Nf6 15. Qe2 Qc7 16. Ne5 O-O-O 17. Kb1 Rhf8 18. f4 Nd7 19. Qg4 Bxe5 20. fxe5 Rg8 21. Rhf1 Rdf8 22. Rf3 a5 23. Rdf1 Nb8 24. Rxf7 Rxf7 25. Qxe6+ Rd7 26. Qxg8+ Rd8 27. Rf8 1-0

[Event "Ontario-Tch active"]
[Site "Kitchener CAN"]
[Date "2011.06.18"]
[Round "2.1"]
[White "Cockburn, Denton"]
[Black "Preotu, Razvan"]
[Result "0-1"]
[WhiteElo "2240"]
[BlackElo "2092"]
[WhiteFideId "-1"]
[WhiteFideId "-1"]
[PlyCount "66"]
[GameId "2160767909704191"]
[EventDate "2011.06.19"]
[EventType "rapid"]
[EventRounds "4"]
[EventCountry "CAN"]
[SourceTitle "EXT 2022"]
[Source "ChessBase"]
[SourceDate "2021.10.06"]
[SourceVersion "1"]
[SourceVersionDate "2021.10.06"]
[SourceQuality "1"]
[WhiteTeam "Windsor"]
[BlackTeam "Hamilton"]
[WhiteTeamCountry "CAN"]
[BlackTeamCountry "CAN"]

1. d4 Nf6 2. c4 g6 3. g3 Bg7 4. Bg2 O-O 5. Nc3 d6 6. Nf3 Nbd7 7. O-O e5 8. e4 exd4 9. Nxd4 Re8 10. Re1 Ng4 11. h3 Qf6 12. Nf3 Nge5 13. Nd5 Qd8 14. Qc2 Nxf3+ 15. Bxf3 Ne5 16. Bg2 Bxh3 17. f4 Bxg2 18. fxe5 Bh3 19. exd6 Qxd6 20. Bf4 Be5 21. c5 Qe6 22. Kh2 c6 23. Nc7 Bxc7 24. Bxc7 Bg4 25. Qc3 g5 26. Bd6 Qh6+ 27. Kg1 Qh5 28. Rac1 Bf3 29. e5 Qh1+ 30. Kf2 Qg2+ 31. Ke3 Qxg3 32. Rg1 Qf4+ 33. Kd3 Qe4+ 0-1

[Event "CAN-ch U20"]
[Site "Mississauga CAN"]
[Date "2011.04.21"]
[Round "1"]
[White "Qian, Owen"]
[Black "Preotu, Razvan"]
[Result "0-1"]
[WhiteElo "1488"]
[BlackElo "2021"]
[WhiteFideId "-1"]
[WhiteFideId "-1"]
[PlyCount "122"]
[GameId "2160767909770579"]
[EventDate "2011.04.22"]
[EventType "swiss"]
[EventRounds "9"]
[EventCountry "CAN"]
[SourceTitle "EXT 2022"]
[Source "ChessBase"]
[SourceDate "2021.10.06"]
[SourceVersion "1"]
[SourceVersionDate "2021.10.06"]
[SourceQuality "1"]

1. d4 Nf6 2. c4 g6 3. Nc3 Bg7 4. e4 d6 5. Be2 O-O 6. Nf3 e5 7. O-O Nc6 8. d5 Ne7 9. b4 Nh5 10. Re1 f5 11. Ng5 Nf4 12. Bf1 h6 13. Nf3 g5 14. c5 fxe4 15. Nxe4 dxc5 16. bxc5 Nexd5 17. Bb2 Bg4 18. Qb3 Nh3+ 19. Kh1 Bxf3 20. gxf3 Nhf4 21. Ng3 Ng6 22. Bc4 c6 23. Qxb7 Kh7 24. Nh5 Nde7 25. Nxg7 Rb8 26. Qxa7 Rxb2 27. Ne6 Qc8 28. Nxf8+ Qxf8 29. Qa3 Rxf2 30. Rf1 Rxh2+ 31. Kxh2 Qf4+ 32. Kg2 Nh4+ 33. Kf2 Qxc4 34. Rac1 Qf4 35. Qd3+ Kg7 36. Rh1 Nhf5 37. Rcg1 Qb4 38. Rc1 Qf4 39. Qe4 Qd2+ 40. Qe2 Qd4+ 41. Kg2 Nd5 42. Qf2 Nf4+ 43. Kf1 Qd3+ 44. Kg1 Nd4 45. Rf1 Nde2+ 46. Kh2 Qf5 47. Qg3 Nxg3 48. Kxg3 e4 49. fxe4 Ne2+ 50. Kg2 Qxe4+ 51. Kf2 Nf4 52. Rh2 Qd4+ 53. Kg3 Kg6 54. Rhf2 Nh5+ 55. Kf3 Qd3+ 56. Kg2 Qg3+ 57. Kh1 Qh3+ 58. Kg1 Ng3 59. Rf6+ Kh5 60. R1f3 Qh1+ 61. Kf2 Ne4+ 0-1

[Event "CAN-ch U20"]
[Site "Mississauga CAN"]
[Date "2011.04.22"]
[Round "2"]
[White "Preotu, Razvan"]
[Black "Sapozhnikov, Roman"]
[Result "0-1"]
[WhiteElo "2021"]
[BlackElo "2443"]
[WhiteFideId "-1"]
[WhiteFideId "-1"]
[PlyCount "42"]
[GameId "2160767909770590"]
[EventDate "2011.04.22"]
[EventType "swiss"]
[EventRounds "9"]
[EventCountry "CAN"]
[SourceTitle "EXT 2022"]
[Source "ChessBase"]
[SourceDate "2021.10.06"]
[SourceVersion "1"]
[SourceVersionDate "2021.10.06"]
[SourceQuality "1"]

1. e4 c5 2. Nc3 a6 3. Nf3 d6 4. d4 cxd4 5. Nxd4 Nf6 6. Be3 e5 7. Nb3 Be6 8. f3 Be7 9. Qd2 O-O 10. O-O-O a5 11. Bb5 Na6 12. g4 Nc7 13. Bb6 Nd7 14. Bxc7 Qxc7 15. Nd5 Bxd5 16. exd5 a4 17. Na1 Nb6 18. c3 a3 19. b3 Nxd5 20. c4 Nf4 21. Kb1 Rfd8 0-1

[Event "CAN-ch U20"]
[Site "Mississauga CAN"]
[Date "2011.04.23"]
[Round "4"]
[White "Preotu, Razvan"]
[Black "Qin, Zi Yi (Joey)"]
[Result "0-1"]
[WhiteElo "2021"]
[BlackElo "2379"]
[WhiteFideId "-1"]
[WhiteFideId "-1"]
[PlyCount "46"]
[GameId "2160767909770608"]
[EventDate "2011.04.22"]
[EventType "swiss"]
[EventRounds "9"]
[EventCountry "CAN"]

1. e4 c5 2. Nc3 d6 3. f4 g6 4. Nf3 Bg7 5. Bc4 e6 6. O-O Ne7 7. d3 Nbc6 8. Qe1 O-O 9. f5 gxf5 10. Qg3 fxe4 11. dxe4 Ng6 12. Bg5 f6 13. Be3 Qe7 14. a3 Bd7 15. Ne2 Nce5 16. Ba2 Kh8 17. h4 Nxf3+ 18. gxf3 f5 19. h5 f4 20. Nxf4 Nxf4 21. Bxf4 Rxf4 22. Qxf4 Be5 23. Qd2 Rg8+ 0-1

[Event "CAN-ch U20"]
[Site "Mississauga CAN"]
[Date "2011.04.24"]
[Round "7"]
[White "Preotu, Razvan"]
[Black "Thavandiran, Shiyam"]
[Result "1-0"]
[WhiteElo "2021"]
[BlackElo "2492"]
[WhiteFideId "-1"]
[WhiteFideId "-1"]
[PlyCount "95"]
[GameId "2160767909770616"]
[EventDate "2011.04.22"]
[EventType "swiss"]
[EventRounds "9"]
[EventCountry "CAN"]
[SourceTitle "hb 2012"]

1. e4 e6 2. d4 d5 3. Nd2 c5 4. exd5 Qxd5 5. Ngf3 cxd4 6. Bc4 Qd6 7. O-O Nf6 8. Nb3 Nc6 9. Nbxd4 Nxd4 10. Nxd4 Bd7 11. c3 Qc7 12. Qe2 Bd6 13. h3 O-O 14. Bg5 Qc5 15. Be3 Qe5 16. Nf3 Qh5 17. Rad1 Bc5 18. Bxc5 Qxc5 19. Ne5 Qe7 20. Rd2 Rfd8 21. Rfd1 Be8 22. Bd3 g6 23. Be4 Nxe4 24. Qxe4 Rxd2 25. Rxd2 f6 26. Nc4 Bc6 27. Qd4 e5 28. Qd3 Rc8 29. Ne3 Kg7 30. c4 Qf7 31. b3 Rc7 32. Nd5 Rd7 33. Qe4 b5 34. Qf3 a5 35. Qd1 bxc4 36. bxc4 Qf8 37. Ne3 Qd8 38. Rxd7+ Qxd7 39. Qe1 a4 40. Qa5 Qb7 41. Nd5 g5 42. a3 h5 43. Qc5 Kf7 44. Qd6 Bxd5 45. cxd5 Qe7 46. Qc6 Qe8 47. Qc7+ Qe7 48. d6 1-0

[Event "CAN-ch U20"]
[Site "Mississauga CAN"]
[Date "2011.04.25"]
[Round "8"]
[White "Peng, Jackie"]
[Black "Preotu, Razvan"]
[Result "1/2-1/2"]
[WhiteElo "1952"]
[BlackElo "2031"]
[WhiteFideId "-1"]
[WhiteFideId "-1"]
[PlyCount "57"]
[GameId "2160767909770628"]
[EventDate "2011.04.22"]
[EventType "swiss"]
[EventRounds "9"]
[EventCountry "CAN"]
[SourceTitle "hb 2012"]

1. e4 c5 2. Nf3 Nc6 3. d4 cxd4 4. Nxd4 Nf6 5. Nc3 e5 6. Ndb5 d6 7. Bg5 a6 8. Na3 b5 9. Nd5 Be7 10. Bxf6 Bxf6 11. c4 b4 12. Nc2 Rb8 13. Be2 Bg5 14. O-O O-O 15. Qd3 f5 16. f3 Qa5 17. Nde3 Qb6 18. Kh1 b3 19. axb3 Bxe3 20. Nxe3 Nd4 21. Nxf5 Bxf5 22. exf5 Rxf5 23. Ra3 Rf7 24. Rfa1 Ra7 25. Bd1 a5 26. Qd2 Rba8 27. Bc2 Rb8 28. Bd1 Rba8 29. Bc2 1/2-1/2

[Event "CAN-ch U20"]
[Site "Mississauga CAN"]
[Date "2011.04.25"]
[Round "9"]
[White "Calugar, Arthur"]
[Black "Preotu, Razvan"]
[Result "1-0"]
[WhiteElo "2379"]
[BlackElo "2031"]
[WhiteFideId "-1"]
[WhiteFideId "-1"]
[PlyCount "67"]
[GameId "2160767909770631"]
[EventDate "2011.04.22"]
[EventType "swiss"]
[EventRounds "9"]
[EventCountry "CAN"]
[SourceTitle "hb 2012"]

1. Nf3 Nf6 2. b3 d5 3. Bb2 e6 4. e3 c5 5. d4 Nc6 6. a3 Be7 7. Bd3 O-O 8. Nbd2 b6 9. Ne5 Nxe5 10. dxe5 Nd7 11. O-O Bb7 12. f4 g6 13. c4 dxc4 14. Nxc4 b5 15. Nd6 Bxd6 16. exd6 a6 17. Bc2 Nf6 18. Qd2 Ne4 19. Bxe4 Bxe4 20. Qc3 f6 21. Qxc5 Rc8 22. Qd4 Bd5 23. g4 Rc2 24. e4 Bxe4 25. Qxe4 Rxb2 26. Qxe6+ Kh8 27. d7 Qc7 28. Rac1 Qa7+ 29. Kh1 Qb7+ 30. Rc6 Ra2 31. d8=Q Rxd8 32. Qxf6+ Kg8 33. Qxd8+ Kg7 34. Qd4+ 1-0

[Event "Hamilton Winter op"]
[Site "Hamilton CAN"]
[Date "2011.03.25"]
[Round "1"]
[White "Preotu, Razvan"]
[Black "Sambuev, Bator"]
[Result "0-1"]
[WhiteElo "2073"]
[BlackElo "2718"]
[WhiteFideId "-1"]
[WhiteFideId "-1"]
[PlyCount "28"]
[GameId "2160767909779063"]
[EventDate "2011.03.26"]
[EventType "swiss"]
[EventRounds "6"]
[EventCountry "CAN"]
[SourceTitle "hb 2012"]

1. e4 e6 2. d4 d5 3. Nd2 Nc6 4. Ngf3 Nf6 5. e5 Nd7 6. c3 f6 7. exf6 Qxf6 8. Nb3 Bd6 9. Bg5 Qf7 10. Bd3 e5 11. dxe5 Ndxe5 12. Qe2 O-O 13. Nxe5 Nxe5 14. Bc2 Bg4 0-1

[Event "Kitchener Winter op"]
[Site "Kitchener CAN"]
[Date "2011.03.12"]
[Round "3"]
[White "Preotu, Razvan"]
[Black "Calugar, Arthur"]
[Result "0-1"]
[WhiteElo "1920"]
[BlackElo "2201"]
[WhiteFideId "-1"]
[WhiteFideId "-1"]
[PlyCount "137"]
[GameId "2160767909787439"]
[EventDate "2011.03.12"]
[EventType "swiss"]
[EventRounds "5"]
[EventCountry "CAN"]
[SourceTitle "EXT 2022"]
[Source "ChessBase"]
[SourceDate "2021.10.06"]
[SourceVersion "1"]
[SourceVersionDate "2021.10.06"]
[SourceQuality "1"]

1. e4 c5 2. Nf3 Nc6 3. d4 cxd4 4. Nxd4 e6 5. Nc3 Qc7 6. Be3 a6 7. Qd2 Nf6 8. O-O-O Be7 9. f3 b5 10. g4 O-O 11. g5 Nh5 12. Nce2 Nxd4 13. Bxd4 Bb7 14. Bh3 Rac8 15. Kb1 g6 16. Bg4 Ng7 17. h4 e5 18. Be3 Rcd8 19. Qc3 Qc6 20. Qxe5 Rfe8 21. Bd4 Bf8 22. Qf6 d5 23. exd5 Rxd5 24. Nf4 Rd6 25. Ne6 fxe6 26. Be5 Rd7 27. Rxd7 Qxd7 28. h5 Qf7 29. hxg6 Qxg6 30. Rh6 Qxf6 31. gxf6 Nf5 32. f7+ Kxf7 33. Rxh7+ Ng7 34. Bxg7 Kg6 35. Bxf8 Kxh7 36. Bc5 e5 37. b3 Kg6 38. Bd6 Kf6 39. c4 bxc4 40. bxc4 e4 41. fxe4 Rxe4 42. Bh5 Rxc4 43. Ba3 Be4+ 44. Ka1 Rc2 45. Bd1 Rh2 46. Bb3 Ke5 47. Bb2+ Kd6 48. a3 Bd5 49. Ka2 Rh3 50. Bxd5 Kxd5 51. Bf6 Kc4 52. Be7 a5 53. Bf8 Rc3 54. Kb2 Rb3+ 55. Kc2 Rf3 56. Bd6 Rf2+ 57. Kc1 Kc3 58. Be5+ Kb3 59. Bd6 Rc2+ 60. Kd1 Kc3 61. Bf8 Rd2+ 62. Ke1 Rd8 63. Bc5 Kc4 64. Be3 Rd3 65. Bc1 Kc3 66. Kf2 Kc2 67. Ke2 Rh3 68. Be3 Kb2 69. Bc5 0-1

[Event "Kitchener Winter op"]
[Site "Kitchener CAN"]
[Date "2011.03.13"]
[Round "4"]
[White "Preotu, Razvan"]
[Black "Demmery, Steve"]
[Result "1-0"]
[WhiteElo "1920"]
[BlackElo "2104"]
[WhiteFideId "-1"]
[WhiteFideId "-1"]
[PlyCount "81"]
[GameId "2160767909787446"]
[EventDate "2011.03.12"]
[EventType "swiss"]
[EventRounds "5"]
[EventCountry "CAN"]
[SourceTitle "EXT 2022"]
[Source "ChessBase"]
[SourceDate "2021.10.06"]
[SourceVersion "1"]
[SourceVersionDate "2021.10.06"]
[SourceQuality "1"]

1. e4 d6 2. d4 Nf6 3. Nc3 c6 4. f4 Qa5 5. Bd3 e5 6. Nf3 Bg4 7. Be3 Nbd7 8. O-O Be7 9. h3 Bxf3 10. Qxf3 O-O 11. Ne2 Rfe8 12. c3 Bf8 13. dxe5 dxe5 14. f5 Bc5 15. Kh2 Bxe3 16. Qxe3 Qb6 17. Qxb6 axb6 18. b4 b5 19. g4 Red8 20. Bc2 Nb6 21. Rfd1 Kf8 22. g5 Ne8 23. Bb3 Nd6 24. Ng3 Ndc4 25. h4 Ne3 26. Rxd8+ Rxd8 27. Nf1 Rd3 28. Nxe3 Rxe3 29. g6 hxg6 30. fxg6 f6 31. Rd1 Ke7 32. h5 Rxe4 33. Kg3 Nc4 34. Rd8 Kxd8 35. h6 Ne3 36. Be6 Nf1+ 37. Kf2 Rf4+ 38. Ke1 Ke7 39. hxg7 Kxe6 40. g8=Q+ Kf5 41. g7 1-0

[Event "Kitchener Winter op"]
[Site "Kitchener CAN"]
[Date "2011.03.13"]
[Round "5"]
[White "Becker, Paul"]
[Black "Preotu, Razvan"]
[Result "1-0"]
[WhiteElo "2003"]
[BlackElo "1920"]
[WhiteFideId "-1"]
[WhiteFideId "-1"]
[PlyCount "91"]
[GameId "2160767909787450"]
[EventDate "2011.03.12"]
[EventType "swiss"]
[EventRounds "5"]
[EventCountry "CAN"]
[SourceTitle "EXT 2022"]
[Source "ChessBase"]
[SourceDate "2021.10.06"]
[SourceVersion "1"]
[SourceVersionDate "2021.10.06"]
[SourceQuality "1"]

1. e4 c5 2. Nf3 Nc6 3. d4 cxd4 4. Nxd4 Nf6 5. Nc3 e5 6. Ndb5 d6 7. Bg5 a6 8. Na3 b5 9. Nd5 Be7 10. Bxf6 Bxf6 11. c3 Bg5 12. Nc2 O-O 13. h4 Bh6 14. g4 f6 15. Qf3 Be6 16. Bd3 Ne7 17. Nce3 Bxe3 18. fxe3 Rb8 19. O-O-O Nc6 20. Rdg1 b4 21. c4 Qa5 22. Kb1 b3 23. a3 Rbc8 24. Qe2 Qc5 25. g5 f5 26. exf5 Rxf5 27. Qh5 e4 28. Bxe4 g6 29. Qe2 Bxd5 30. cxd5 Re5 31. Rc1 Qb6 32. Qg4 Rce8 33. Bxg6 hxg6 34. dxc6 Qc7 35. Qd7 R5e7 36. Qxc7 Rxc7 37. Rc3 Rec8 38. Rhc1 Kf7 39. Rxb3 Rxc6 40. Rbc3 Rxc3 41. Rxc3 Re8 42. Rc6 Ke6 43. Rxa6 Kd5 44. Ra7 Rxe3 45. Rg7 Re6 46. Rf7 1-0

[Event "Hart House Reading Week op"]
[Site "Toronto CAN"]
[Date "2011.02.19"]
[Round "1"]
[White "Aronov, Yuri"]
[Black "Preotu, Razvan"]
[Result "1-0"]
[WhiteElo "2320"]
[BlackElo "2048"]
[WhiteFideId "-1"]
[WhiteFideId "-1"]
[PlyCount "24"]
[GameId "2160767909804377"]
[EventDate "2011.02.19"]
[EventType "swiss"]
[EventRounds "6"]
[EventCountry "CAN"]
[SourceTitle "EXT 2022"]
[Source "ChessBase"]
[SourceDate "2021.10.06"]
[SourceVersion "1"]
[SourceVersionDate "2021.10.06"]
[SourceQuality "1"]

1. d4 Nf6 2. c4 g6 3. Nc3 Bg7 4. e4 d6 5. Be2 O-O 6. Nf3 e5 7. O-O Nc6 8. d5 Ne7 9. Ne1 Nd7 10. Nd3 f5 11. Bd2 Nf6 12. f3 f4 1-0

[Event "Guelph Fall ProAm"]
[Site "Guelph CAN"]
[Date "2010.11.06"]
[Round "1"]
[White "Guo, Joshua"]
[Black "Preotu, Razvan"]
[Result "1-0"]
[WhiteElo "2198"]
[BlackElo "1920"]
[WhiteFideId "-1"]
[WhiteFideId "-1"]
[PlyCount "122"]
[GameId "2160767909850778"]
[EventDate "2010.11.06"]
[EventType "swiss"]
[EventRounds "5"]
[EventCountry "CAN"]

1. e4 c5 2. c3 d5 3. exd5 Qxd5 4. d4 Nc6 5. Nf3 Bg4 6. Be2 cxd4 7. cxd4 e6 8. Nc3 Qa5 9. O-O Nf6 10. h3 Bh5 11. Be3 Be7 12. Qb3 Qb4 13. Qxb4 Nxb4 14. Bb5+ Kd8 15. Ne5 a6 16. Ba4 Nbd5 17. Bd2 Nxc3 18. Bxc3 Nd5 19. Ba5+ b6 20. Bc6 Rc8 21. Bxd5 bxa5 22. Bb7 Rc7 23. Bxa6 f6 24. Nd3 Be2 25. Rfe1 Bxd3 26. Bxd3 Kd7 27. Rac1 Rhc8 28. Rxc7+ Rxc7 29. Bxh7 f5 30. g4 fxg4 31. hxg4 Bf6 32. Bg8 Rc6 33. Re4 Rd6 34. b3 Bxd4 35. Bxe6+ Kc6 36. Kg2 Bc5 37. Re2 Kb5 38. f4 Kb4 39. a4 Rd3 40. Bc4 Rc3 41. Re8 Bd6 42. Re4 Kc5 43. g5 Kc6 44. Kf2 Kd7 45. Ke2 Rg3 46. Bf7 Bc7 47. Kf2 Rd3 48. Be6+ Kd6 49. Bc4 Rc3 50. Ke2 Rg3 51. Re3 Rxe3+ 52. Kxe3 Ke7 53. Ke4 Bd6 54. Kf5 Kf8 55. Kg4 Bb4 56. Kh5 Bd2 57. f5 Bc3 58. Kg6 Bb4 59. Kh7 Bc3 60. Bd5 Bb4 61. f6 g6 1-0

[Event "Guelph Fall ProAm"]
[Site "Guelph CAN"]
[Date "2010.11.06"]
[Round "3"]
[White "Preotu, Razvan"]
[Black "Lacau Rodean, Iulia"]
[Result "0-1"]
[WhiteElo "1920"]
[BlackElo "2031"]
[WhiteFideId "-1"]
[WhiteFideId "-1"]
[PlyCount "60"]
[GameId "2160767909850803"]
[EventDate "2010.11.06"]
[EventType "swiss"]
[EventRounds "5"]
[EventCountry "CAN"]
[SourceTitle "EXT 2022"]
[Source "ChessBase"]
[SourceDate "2021.10.06"]
[SourceVersion "1"]
[SourceVersionDate "2021.10.06"]
[SourceQuality "1"]

1. e4 c5 2. Nf3 d6 3. d4 cxd4 4. Nxd4 Nf6 5. Nc3 a6 6. Be3 e5 7. Nb3 Be7 8. f3 O-O 9. Qd2 Be6 10. O-O-O b5 11. g4 b4 12. Nd5 Bxd5 13. exd5 a5 14. Kb1 Nbd7 15. h4 Nb6 16. Bxb6 Qxb6 17. h5 a4 18. Nc1 Ra5 19. Bc4 Rc8 20. Qe2 Rcc5 21. g5 Nxd5 22. Bxd5 Rxd5 23. Rxd5 Rxd5 24. g6 Rd4 25. Qe3 Qc5 26. Rf1 Rh4 27. gxh7+ Kxh7 28. Qe1 Rxh5 29. Nd3 Qb6 30. Nxb4 Bh4 0-1

[Event "Guelph Fall ProAm"]
[Site "Guelph CAN"]
[Date "2010.11.07"]
[Round "5"]
[White "Lacau Rodean, Lucian"]
[Black "Preotu, Razvan"]
[Result "1-0"]
[WhiteElo "2168"]
[BlackElo "1920"]
[WhiteFideId "-1"]
[WhiteFideId "-1"]
[PlyCount "53"]
[GameId "2160767909850822"]
[EventDate "2010.11.06"]
[EventType "swiss"]
[EventRounds "5"]
[EventCountry "CAN"]
[SourceTitle "EXT 2022"]
[Source "ChessBase"]
[SourceDate "2021.10.06"]
[SourceVersion "1"]
[SourceVersionDate "2021.10.06"]
[SourceQuality "1"]

1. e4 c5 2. Nf3 Nc6 3. d3 d6 4. g3 g6 5. Bg2 Bg7 6. O-O b5 7. c3 Nf6 8. Bg5 Bd7 9. Re1 e5 10. d4 Qc7 11. Na3 a6 12. Qd2 O-O 13. Rad1 Rad8 14. d5 Na7 15. Nh4 Rde8 16. Nc2 b4 17. Rf1 Nc8 18. Kh1 Nb6 19. b3 a5 20. f4 exf4 21. Qxf4 Ng4 22. h3 Ne5 23. Bf6 Bxf6 24. Qxf6 Bc8 25. Qg5 Re7 26. Rf6 Nbd7 27. Nf5 1-0

[Event "Kitchener Oktoberfest U2000"]
[Site "Kitchener CAN"]
[Date "2010.10.16"]
[Round "3"]
[White "Preotu, Razvan"]
[Black "Rapaka, Krishnakanth"]
[Result "1/2-1/2"]
[WhiteElo "1877"]
[BlackElo "1776"]
[WhiteFideId "-1"]
[WhiteFideId "-1"]
[PlyCount "59"]
[GameId "2160767909863607"]
[EventDate "2010.10.15"]
[EventType "swiss"]
[EventRounds "5"]
[EventCountry "CAN"]
[SourceTitle "EXT 2022"]
[Source "ChessBase"]
[SourceDate "2021.10.06"]
[SourceVersion "1"]
[SourceVersionDate "2021.10.06"]
[SourceQuality "1"]

1. e4 c5 2. Nf3 Nc6 3. d4 cxd4 4. Nxd4 e5 5. Nf3 Nf6 6. Nc3 Bb4 7. Bd3 d5 8. exd5 Nxd5 9. Bd2 Nxc3 10. Bxc3 Bxc3+ 11. bxc3 O-O 12. Be4 Qa5 13. O-O Qxc3 14. Ng5 g6 15. Qd6 Qd4 16. Rad1 Qxd6 17. Rxd6 Nd4 18. Bd5 h6 19. Nxf7 Rxf7 20. Rf6 Be6 21. Bxe6 Nxe6 22. Rxe6 Rc8 23. Rxg6+ Kh7 24. Rg4 Rxc2 25. a4 Ra2 26. g3 b6 27. Rb4 Kg6 28. f4 exf4 29. Rbxf4 Rxf4 30. Rxf4 1/2-1/2

[Event "Kitchener Oktoberfest U2000"]
[Site "Kitchener CAN"]
[Date "2010.10.17"]
[Round "4"]
[White "Gashgarian, Robert"]
[Black "Preotu, Razvan"]
[Result "0-1"]
[WhiteElo "1903"]
[BlackElo "1877"]
[WhiteFideId "-1"]
[WhiteFideId "-1"]
[PlyCount "36"]
[GameId "2160767909863609"]
[EventDate "2010.10.15"]
[EventType "swiss"]
[EventRounds "5"]
[EventCountry "CAN"]
[SourceTitle "EXT 2022"]
[Source "ChessBase"]
[SourceDate "2021.10.06"]
[SourceVersion "1"]
[SourceVersionDate "2021.10.06"]
[SourceQuality "1"]

1. Nf3 Nf6 2. b4 g6 3. Bb2 Bg7 4. c4 d6 5. d4 O-O 6. Nbd2 Nbd7 7. e4 e5 8. d5 Nh5 9. g3 h6 10. Bh3 Ndf6 11. Bxc8 Qxc8 12. h3 Nh7 13. Kf1 Qd8 14. h4 Qd7 15. Ne1 f5 16. Nd3 fxe4 17. Nxe4 Qf5 18. Qe2 Qxe4 0-1